MDQL
is popping MORE tags! Check the
thread
!
Quizzes
Events
Quiz Creation
Community
Videos
Private Events
Remove Ads
Sign In
Join for FREE
Feedback
Dark Mode
Quiz Categories
Sports
Geography
Music
Movies
Television
Just For Fun
Miscellaneous
History
Literature
Language
Science
Gaming
Entertainment
Religion
Holiday
For Kids
Quiz Lab
Recent
Popular Today
Quiz Kudos Today
Editor Picks
Curator Picks
Quizzes by...
Day
Popularity
Type
Ratings
Length
Year
Community
Subscriptions
Recent Discussions
Orange Saloon
Badges
Playlists
Quests
Create
Leaderboards
Showdown
Live 5
Trivia Bingo
Activity
Puzzle Library
Sporcle Events
Private Events
Virtual Trivia
Globe League
Become a Host
Pub Owners
SporcleCon
Opinionation
Our Games
Videos
Blog
Mobile Apps
Partnerships
Remove Ads and Go Orange
Feedback
Language
Vocabulary
Begins and Ends
Definition
Spanish
French
German
Italian
Chinese
Latin
Translation
Japanese
Language
Vocabulary
Begins and Ends
Definition
Spanish
French
German
Italian
Chinese
Latin
Translation
Japanese
Random Quiz
Search Sporcle
×
Quiz Lab
Quiz Lab
Language
Letter
Type in answers that appear in a list
Type in answers that appear in a list
Classic
Best Score? Go Orange.
13 Letter Words Stats
Can you name the 13 Letter Words?
By
nucleolus101
7m
16 Questions
73 Plays
73 Plays
73 Plays
Comments
Comments
Give Quiz Kudos
Give Quiz Kudos
-
- Ratings
hide this ad
Replay
Link that replays current quiz
Next Quiz
Link to next quiz in quiz playlist
You Got
0%
They Got
Avg Score
25%
Avg Friend Score
Upgrade to see
Score Distribution
Jump to the score distribution portion of the page
Score
0/16
Timer
07:00
0
Plays Today
Definition
Word
% Correct
The History Of Someone's Life Said Or Written By That Person
Autobiography
76.7%
Weapons that Spray Fire
Flamethrowers
53.4%
Square Cloths That Are Commonly Used As Tissues
Handkerchiefs
53.4%
Having The Characteristics Of a Grandmother
Grandmotherly
41.1%
Connections Between Two People, Love Or Hate
Relationships
37%
Terrifying, Scary, As In A Scream
Bloodcurdling
26%
To Have Made A Copy Of Or To Have Made A Fraud
Counterfeited
24.7%
Not Deserving Of Confidence
Untrustworthy
21.9%
Definition
Word
% Correct
Long Bugs That Easily Blend In With A Tree By Looking Like A Twig
Walkingsticks
20.5%
Groups Of Orderly People That Do Different Things
Organizations
8.2%
Specialists In The Biology Of An Organism And Its Anatomy
Physiologists
8.2%
Many Changes
Modifications
6.8%
To Have Dismantled Or To Have Broken Down
Deconstructed
6.8%
Amazingly; Over The Top
Outstandingly
4.1%
Done Sneakily Or With Annoyance And Malice
Mischievously
2.7%
Not Supportive
Unencouraging
2.7%
Quiz Playlist
Details
Report
Send in Message
Add To Playlist
Classic:
Type in answers that appear in a list
Quiz Source
Last Updated: Feb 16, 2017
Quiz Scoreboard
CHALLENGE
Sign Up to Join the Scoreboard
Show All
Scores
Hide
Comments
May contain spoilers
Recently Published
Image Sorting: Flags VI
by Barbecue
Geography
2m
Find the 'City' Movie
by crazypaving
Movies
60s
Colored Red Africa Blitz
by spor1
Geography
45s
More to Explore
Quiz From the Vault
Featured Blog Post
14 Easter Pick-up Lines to Find Eggs With
hide this ad
You Might Also Like...
Tags
Definition Quiz
Letter Quiz
13-letter
Today's Top Quizzes in Language
Browse Language
hide this ad
Today's Top Quizzes in Letter
Browse Letter
Top Contributed Quizzes in Language
1
What Word Starts All?
2
Arabic Numerals
3
1-10 Letter F Words III
4
1-10 Letter G Words III
5
1-10 Letter H Words III
6
Weisst du, aus welchen Sprachen diese Wörter stammen?
7
1-10 Letter I Words III
8
Latihan Huruf Hiragana KA KI KU KE KO
9
1-10 Letter M Words III
10
1-10 Letter J Words III
Explore More
Trending Topics
Harry Potter
Kpop
Anime
Disney
Marvel
Crossword
NBA
NFL
The Office
WWE
Song
Soccer
Puzzle
Pokémon
Country
hide this ad
More By:
nucleolus101
Quiz
Plays
Rating
Category
Featured
Created
The Ultimate Candy Quiz
118,095
4.38
Just For Fun
Dec 15, 2010
Board Games Close-Up
104,405
4.26
Gaming
Jan 1, 2010
Multi-Lingual Counting
103,903
4.60
Language
Nov 24, 2009
Parts of a Goomba
44,284
2.91
Gaming
Jan 17, 2011
Harry Potter Magical Beasts
27,656
3.33
Literature
Nov 20, 2010
Go to Creator's Profile
Score Distribution
Quiz Creator Spotlight
nucleolus101
Follow
Send a Message
Quizzes Created
-
Created Quiz Play Count
-
More By This Creator
Popular Quizzes Today
1
Colored Red Africa Blitz
2
Find the US States - No Outlines Minefield
3
Find the 'City' Movie
4
5x2 Blitz: Bands
5
The Countries of the World
6
Find the US States
7
Find the Countries of Europe - No Outlines Minefield
8
US States
More Language Quizzes
In 6 Languages: Clothing
Published
Trending Quizzes
Colored Red Europe Blitz I
Colored Red Europe Blitz II
Colored Red Africa Blitz II
Colored Red Europe Blitz III
Colored Red Africa Blitz III
Recently Updated
How Do You Spell That?
pecheneg
Godzilla Movies
pecheneg
Grab Bag: 4-10 Letters
pecheneg
2024 March Madness Bracket
pecheneg
Famous TV Couples
Peacemaker
Champions League XIs: Real Madrid
pecheneg
Largest US Cities 1790-2010
pecheneg
Rides in Walt Disney World
pecheneg
Most Oscar Losses (Acting)
pecheneg
Beyoncé Albums
pecheneg
Trending Topics
Marvel
Kpop
NBA
Disney
Harry Potter
Crossword
Anime
Song
The Office
Pokémon
WWE
NFL
Soccer
Country
Puzzle
Your Account Isn't Verified!
In order to create a playlist on Sporcle, you need to verify the email address you used during registration. Go to your
Sporcle Settings
to finish the process.
Report this User
Report this user for behavior that violates our
Community Guidelines
.
Details:
Send Report
Go to the Sporcle.com Mobile Site →
Comments